000 01208nas a2200253 454500
001 48402
005 20260407193512.0
008 260407s2000####ag###########|||spa#d
003 AR-UNSa-BCEJYS
040 _aAR-UNSa-BCEJYS
_bspa
_cAR-UNSa-BCEJYS
080 _a330(826.7)
_xEconomía de Salta
245 1 0 _aIndicadores de Situación de la Provincia de Salta
264 1 _aSalta :
_bCIEES (Centro de Investigaciones y Estudios Económicos de Salta
_c2000
310 _aFrecuencia: Cuatrimestral
505 _aSeries estadísticas: 1. Cuentas nacionales y provinciales 2. Sector público 3. Sector externo 4. Indicadores de actividad industrial 5. Índices de precios 6. Mercado de activos 7. Servicios públicos y de transporte 8. Producción y precios de los principales productos 9. Indicadores provinciales de actividad 10. Mercado de trabajo.
041 _aspa
942 _cSER
590 _aniveau_biblio:s niveau_hierar:1
100 1 _aCentro de Investigaciones y Estudios Económicos de Salta (CIEES)
650 _aINDICADORES SOCIOECONOMICOS
650 _aSalta
650 _aECONOMIA
856 4 1 _uhttps://www.biblioeco.unsa.edu.ar/pmb/images/revistas/R22126.jpg
_yImagen de portada
_qimage/jpeg
999 _c8957
_d8957